Catalog

Record Details

Catalog Search



Největší malíři : život, inspirace a dílo. Č. 19, Théodore Géricault  Cover Image Book Book

Největší malíři : život, inspirace a dílo. Č. 19, Théodore Géricault / [redaktorka českého vydání Martina Špačková]

Record details

  • ISSN: 1212-8872
  • Physical Description: 31 s.
  • Publisher: Praha : Eaglemoss International, c2000

Content descriptions

General Note:
Název z obálky

Available copies

  • 1 of 1 copy available at Common Catalog SPOK.

Holds

  • 0 current holds with 1 total copy.
Show Only Available Copies
Location Call Number / Copy Notes Barcode Shelving Location Status Due Date
KDS Library 7 GéT 204576802939 Library Available -

LDR 00884nam a2200277 a 4500
00122303
003CZ-PrJAB
00520150721095728.0
008030714s2000 xr e u cze
020 . ‡q(brož.) : ‡cKč 39.00
022 . ‡a1212-8872
035 . ‡a(CZ PrSKC)265811
040 . ‡aLIA001 ‡bcze
0411 . ‡acze ‡hund
080 . ‡a929
080 . ‡a75
24500. ‡aNejvětší malíři : ‡bživot, inspirace a dílo. ‡nČ. 19, ‡pThéodore Géricault / ‡c[redaktorka českého vydání Martina Špačková]
24630. ‡aThéodore Géricault
260 . ‡aPraha : ‡bEaglemoss International, ‡cc2000
300 . ‡a31 s.
500 . ‡aNázev z obálky
7001 . ‡aGéricault, Théodore, ‡d1791-1824 ‡7ola2002150730 ‡4ill
900 . ‡aLIA001 ‡b11
910 . ‡aABE463
964 . ‡amalíři francouzští - životopisy
998 . ‡a002226090
901 . ‡a22303 ‡b ‡c22303 ‡tbiblio

Additional Resources